Le chèvrefeuille.

Bibliographic Details
Main Author: Sandre, Thierry, 1890-1950
Format: Book
Language:French
Published: Monte Carlo : Éditions de 'Imprimerie Nationale de Monaco, 1950
Series:Collection des Prix Goncourt.

MARC

Tag First Indicator Second Indicator Subfields
LEADER 00000cam a2200000 4500
001 in00003482021
005 20151206122701.0
008 730921s1924 fr 00001 frem
010 |a  25005285  
035 |a (OCoLC)ocm00692753 
040 |a DLC  |c KSU  |d SER  |d TNY  |d UtOrBLW 
090 |a PQ2637.A586  |b C5 1950 
100 1 |a Sandre, Thierry,  |d 1890-1950. 
245 1 3 |a Le chèvrefeuille. 
264 1 |a Monte Carlo :  |b Éditions de 'Imprimerie Nationale de Monaco,  |c 1950 
264 4 |c ©1924 
300 |a 159 pages ;  |c 20 cm. 
336 |a text  |b txt  |2 rdacontent 
337 |a unmediated  |b n  |2 rdamedia 
338 |a volume  |b nc  |2 rdacarrier 
490 1 |a Collection des Prix Goncourt 
830 0 |a Collection des Prix Goncourt. 
999 |a MARS 
999 f f |s 1907c12b-affe-3500-a754-b7b9d173f454  |i 6ea0814e-5738-3f0f-a076-d34a17def47a  |t 0 
952 f f |p ric  |a Texas A&M University  |b Rellis Campus  |c Joint Library Facility  |d Remote Storage  |t 0  |e PQ2637.A586 C5 1950  |h Library of Congress classification  |i unmediated -- volume  |m 32060002206908 
998 f f |a PQ2637.A586 C5 1950  |t 0  |l Remote Storage